Odysse / (Record no. 155540)

MARC details
000 -LEADER
campo de control de longitud fija 00714nam a22002295i 4500
001 - NÚMERO DE CONTROL
campo de control 155540
003 - IDENTIFICADOR DE NÚMERO DE CONTROL
campo de control ES-MaACL
005 - FECHA Y HORA DE LA ÚLTIMA TRANSACCIÓN
campo de control 20260616130211.0
008 - DATOS DE LONGITUD FIJA--INFORMACIÓN GENERAL
campo de control de longitud fija 040726b1927 gw |||| | ger d
040 ## - FUENTE DE CATALOGACIÓN
Centro catalogador/agencia de origen CAM
Lengua de catalogación spa
Centro/agencia transcriptor CAM
080 ## - NÚMERO DE LA CLASIFICACIÓN DECIMAL UNIVERSAL
Número de la Clasificación Decimal Universal 821.14-13"-08"
100 0# - ENTRADA PRINCIPAL--NOMBRE DE PERSONA
Nombre de persona Homero
9 (RLIN) 64112
240 13 - TÍTULO UNIFORME
Título uniforme La Odiesea.
Lenguaje de la obra Alemán
245 10 - MENCIÓN DEL TÍTULO
Título Odysse /
Mención de responsabilidad, etc. Homerus ; Von Johann Heinrich Voss.
260 ## - PUBLICACIÓN, DISTRIBUCIÓN, ETC.
Lugar de publicación, distribución, etc. Leipzig :
Nombre del editor, distribuidor, etc. Philipp Reclam.,
Fecha de publicación, distribución, etc. [1927?]
300 ## - DESCRIPCIÓN FÍSICA
Extensión 327 p. ;
Dimensiones 14 cm.
490 1# - MENCIÓN DE SERIE
Mención de serie Homers Werke / von Johann Heinrich Voss ;
Designación de volumen o secuencia 2
595 ## -
-- Abdr. der 1. Ausg.
830 0# - PUNTO DE ACCESO ADICIONAL DE SERIE-TÍTULO UNIFORME
Título uniforme Homers Werke / von Johann Heinrich Voss ;
Designación de volumen o secuencia 2
9 (RLIN) 221573
852 ## - LOCALIZACIÓN
Ubicación ES-MaACL
Número de control de estantería E-1243
Nota libre -- Enc. editorial en tela
Holdings
Estatus retirado Estado de pérdida Estado de daño No para préstamo Biblioteca de origen Biblioteca actual Ubicación en estantería Fecha de adquisición Fuente de adquisición Total de préstamos Signatura topográfica completa Código de barras Visto por última vez Precio de reemplazo Tipo de ítem Koha
        Biblioteca del Ateneo de Madrid Biblioteca del Ateneo de Madrid Depósito 2 17/01/2008     E-1243 1162698 23/02/2023 23/02/2023 Libro impreso